000 01533nam a2200265 a 4500
001 81474
003 BD-RjUL
005 20230528164439.0
008 230528s2020 bg ||||| m||| 00| 0 ben d
035 _a(BD-RjUL)81474
040 _aBD-RjUL
_bben / eng
_cBD-RjUL
_dBD-RjUL
041 _aben
082 _a892.701
_bSAA 2020
_223
100 _aসালেহ, আবু
_97712
245 1 0 _aআব্বাস মাহমুদ আল- আক্কাদের সাহিত্যে ঐতিহাসিক উপাদান :
_bএকটি পর্যালোচনা /
_cআবু সালেহ ;
_6তত্ত্বাবধায়ক : মো. আবু বকর
246 _aHistorical Materials in the Literary Works of Abbus Mahmud Al-Aqqad :
_bAn Overview /
260 _aরাজশাহী :
_bআরবী বিভাগ, রাজশাহী বিশ্ববিদ্যালয়,
_c২০২০
300 _axiii, ২৮০ পাতা ;
_c২৯ সেমি.
502 _aথিসিস (পিএইচ. ডি.) -- আরবী বিভাগ, রাজশাহী বিশ্ববিদ্যালয়, ২০২০
504 _aগ্রন্থপঞ্জি : পাতা [২৭৩]-২৮০
650 _aআরবী সাহিত্য
_vঐতিহাসিক উপাদান
_97713
650 _aArabic Literature
_vHistorical Materials
_97714
700 _aবকর, মো. আবু , তত্ত্বাবধায়ক
_97229
942 _2ddc
_cTHE
999 _c81474
_d81474